00297nam a2200121Ia 45000030006000000080041000060400015000471000035000622450031000972600018001285460012001460050017001580STCL150530s9999 xx 000 0 und d aSTCLcSTCL aShakespeare; Herford, C.H.; Ed aWorks of Shakespeare Vol-X bMacmillanc19 aEnglish20220125170942.0